[Event "FRA-chT Top 12"]
[Site "Chalons en Champagne"]
[Date "2021.07.02"]
[Round "9.3"]
[White "Rodshtein, Maxim"]
[Black "Apicella, Manuel"]
[Result "1/2-1/2"]
[WhiteElo "2614"]
[BlackElo "2506"]
[PlyCount "146"]
[EventDate "2021.06.24"]
[EventType "team-tourn"]
[EventRounds "11"]
[EventCountry "FRA"]
[SourceTitle "CBM 203 Extra"]
[Source "ChessBase"]
[SourceDate "2021.09.30"]
[SourceVersion "1"]
[SourceVersionDate "2021.09.30"]
[SourceQuality "1"]
[WhiteTeam "Bischwiller"]
[BlackTeam "Grasse Echecs"]
[WhiteTeamCountry "FRA"]
[BlackTeamCountry "FRA"]

1. e4 e6 2. d4 d5 3. Nc3 Nf6 4. e5 Nfd7 5. f4 c5 6. Nf3 Nc6 7. Be3 a6 8. Qd2 b5 9. Bd3 b4 10. Na4 c4 11. Be2 c3 12. Qd1 cxb2 13. Nxb2 a5 14. 0-0 Nb6 15. g4 h5 16. gxh5 Ne7 17. Nh4 Nf5 18. Nxf5 exf5 19. Rf2 a4 20. Rb1 Rh6 21. Bd2 Ba6 22. Nd3 Bc4 23. Nxb4 Bxe2 24. Qxe2 Nc4 25. Be1 Rb8 26. Qf3 Rb5 27. Rg2 Qb6 28. c3 Bxb4 29. cxb4 Qxd4+ 30. Bf2 Qe4 31. Qxe4 fxe4 32. Rxg7 Rxh5 33. Bc5 Nd2 34. Rd1 Nf3+ 35. Kf2 d4 36. Bxd4 Rd5 37. Ke3 Rxh2 38. Kxe4 Rxd4+ 39. Rxd4 Nxd4 40. Kxd4 Rxa2 41. Rg8+ Kd7 42. Ra8 a3 43. Ra7+ Ke6 44. Ra6+ Kd7 45. b5 Kc7 46. Ke4 Ra1 47. Kf5 a2 48. Rc6+ Kd7 49. Rc2 Ke7 50. Rc7+ Ke8 51. Ra7 Rb1 52. Rxa2 Rxb5 53. Kg5 Kf8 54. Ra7 Kg7 55. Rd7 Ra5 56. Kg4 Kf8 57. Kf5 Ra4 58. Kg5 f6+ 59. Kxf6 Rxf4+ 60. Ke6 Re4 61. Rd8+ Kg7 62. Kd6 Kf7 63. Rd7+ Ke8 64. Rh7 Re1 65. Ke6 Kf8 66. Rh8+ Kg7 67. Re8 Ra1 68. Rd8 Re1 69. Rd5 Kf8 70. Kd6 Kf7 71. Rd2 Re3 72. Rf2+ Ke8 73. Ra2 Kf7 1/2-1/2

[Event "FRA-chT Top 12"]
[Site "Chalons en Champagne"]
[Date "2021.06.27"]
[Round "4.1"]
[White "Apicella, Manuel"]
[Black "Delorme, Axel"]
[Result "1/2-1/2"]
[WhiteElo "2506"]
[BlackElo "2480"]
[PlyCount "113"]
[EventDate "2021.06.24"]
[EventType "team-tourn"]
[EventRounds "11"]
[EventCountry "FRA"]
[SourceTitle "CBM 203 Extra"]
[Source "ChessBase"]
[SourceDate "2021.09.30"]
[SourceVersion "1"]
[SourceVersionDate "2021.09.30"]
[SourceQuality "1"]
[WhiteTeam "Grasse Echecs"]
[BlackTeam "Clichy Echecs 92"]
[WhiteTeamCountry "FRA"]
[BlackTeamCountry "FRA"]

1. c4 e6 2. Nf3 Nf6 3. g3 d5 4. b3 Be7 5. Bb2 0-0 6. Bg2 a5 7. 0-0 a4 8. Na3 c6 9. Qc1 Qa5 10. Nc2 Qa6 11. d3 a3 12. Bc3 c5 13. Re1 Nc6 14. e4 d4 15. Bd2 e5 16. Nh4 Bd8 17. b4 b5 18. cxb5 Qxb5 19. Nxa3 Qa4 20. Nc4 cxb4 21. f4 Nd7 22. Nf5 Nc5 23. Nxe5 Nxe5 24. Qxc5 Nxd3 25. Qxd4 Qa7 26. Qxa7 Rxa7 27. Be3 Nxe1 28. Bxa7 Nxg2 29. Kxg2 Bf6 30. Rb1 Bxf5 31. exf5 Bc3 32. Bc5 Ra8 33. a3 bxa3 34. Bxa3 h5 35. Rb3 Bd4 36. Kf3 Rc8 37. Rd3 Rc3 38. Rxc3 Bxc3 39. Ke4 Be1 40. Bc5 f6 41. Kf3 Kf7 42. Bf2 Bc3 43. Ke4 Bb4 44. Kf3 Bc3 45. Kg2 g6 46. fxg6+ Kxg6 47. Kf3 Kf5 48. h3 Bb4 49. Bd4 Be1 50. g4+ hxg4+ 51. hxg4+ Ke6 52. f5+ Kf7 53. Kg2 Bb4 54. Kg3 Bd6+ 55. Kh4 Bf4 56. Kh5 Bd2 57. Bb2 1/2-1/2

[Event "FRA-chT Top 12"]
[Site "Brest"]
[Date "2019.05.26"]
[Round "9.3"]
[White "Apicella, Manuel"]
[Black "Rodshtein, Maxim"]
[Result "1/2-1/2"]
[WhiteElo "2502"]
[BlackElo "2699"]
[PlyCount "47"]
[EventDate "2019.05.18"]
[EventType "team-tourn"]
[EventRounds "11"]
[EventCountry "FRA"]
[SourceTitle "CBM 190 Extra"]
[Source "ChessBase"]
[SourceDate "2019.07.15"]
[SourceVersion "1"]
[SourceVersionDate "2019.07.15"]
[SourceQuality "1"]
[WhiteTeam "Grasse Echecs"]
[BlackTeam "Bischwiller"]
[WhiteTeamCountry "FRA"]
[BlackTeamCountry "FRA"]

1. e4 c5 2. Nf3 d6 3. d4 cxd4 4. Nxd4 Nf6 5. Nc3 a6 6. Be2 e5 7. Nb3 Be7 8. 0-0 Be6 9. f4 b5 10. f5 Bd7 11. Bg5 Bc6 12. Bxf6 Bxf6 13. Kh1 0-0 14. a3 Qc7 15. Qd2 Nd7 16. Rad1 Be7 17. Bf3 Rac8 18. Rf2 Nb6 19. Na5 Ba8 20. Nd5 Bxd5 21. exd5 Nc4 22. Nxc4 Qxc4 23. Re1 Qc5 24. Be4 1/2-1/2

[Event "Cannes op 33rd"]
[Site "Cannes"]
[Date "2019.02.23"]
[Round "8"]
[White "Apicella, Manuel"]
[Black "Barp, Alberto"]
[Result "1-0"]
[WhiteElo "2501"]
[BlackElo "2420"]
[PlyCount "59"]
[EventDate "2019.02.18"]
[EventType "swiss"]
[EventRounds "9"]
[EventCountry "FRA"]
[SourceTitle "CBM 189 Extra"]
[Source "ChessBase"]
[SourceDate "2019.05.31"]
[SourceVersion "1"]
[SourceVersionDate "2019.05.31"]
[SourceQuality "1"]

1. e4 e5 2. Nf3 Nc6 3. Bb5 a6 4. Ba4 d6 5. 0-0 Bd7 6. c3 g6 7. d4 Bg7 8. d5 Nce7 9. Bxd7+ Qxd7 10. c4 h6 11. Nfd2 f5 12. f3 Nf6 13. Nc3 0-0 14. b4 c6 15. Qb3 cxd5 16. cxd5 Rac8 17. Bb2 h5 18. Nc4 Qc7 19. Nxe5 fxe4 20. Nxe4 Nxe4 21. fxe4 Rxf1+ 22. Rxf1 Qc2 23. Nc6 Qxe4 24. Qf3 Qxf3 25. Nxe7+ Kh7 26. Rxf3 Rc2 27. Bxg7 Kxg7 28. Rg3 h4 29. Rxg6+ Kf7 30. Re6 1-0

[Event "Cannes op 33rd"]
[Site "Cannes"]
[Date "2019.02.22"]
[Round "7"]
[White "Gilevich, Artem"]
[Black "Apicella, Manuel"]
[Result "1/2-1/2"]
[WhiteElo "2403"]
[BlackElo "2501"]
[PlyCount "93"]
[EventDate "2019.02.18"]
[EventType "swiss"]
[EventRounds "9"]
[EventCountry "FRA"]
[SourceTitle "CBM 189 Extra"]
[Source "ChessBase"]
[SourceDate "2019.05.31"]
[SourceVersion "1"]
[SourceVersionDate "2019.05.31"]
[SourceQuality "1"]

1. e4 e6 2. d4 d5 3. Nc3 Bb4 4. Nge2 Nc6 5. a3 Ba5 6. b4 Bb6 7. Bb2 Nge7 8. g3 e5 9. dxe5 Nxe5 10. Nf4 Ng4 11. Nd3 0-0 12. Bg2 Bd4 13. 0-0 dxe4 14. Nxe4 Bxb2 15. Nxb2 Qxd1 16. Rfxd1 Rb8 17. Rd2 b6 18. Re1 Nf5 19. h3 Ne5 20. f4 Ng6 21. Kf2 Bb7 22. Rd7 Rfc8 23. Nc4 Nf8 24. Rd2 Rd8 25. Red1 Ne6 26. a4 Kf8 27. c3 Rxd2+ 28. Rxd2 Rd8 29. Rxd8+ Nxd8 30. Bf3 Ke7 31. Ne3 Bxe4 32. Bxe4 Nxe3 33. Kxe3 h6 34. Bd5 c6 35. Bb3 Nb7 36. Kd4 f6 37. Bc2 Ke6 38. Bb3+ Ke7 39. Bd1 Ke6 40. Bg4+ f5 41. Bf3 c5+ 42. Kd3 Nd6 43. a5 Kf6 44. Bd5 Ke7 45. Bf3 Kf6 46. Bd5 Ke7 47. Bf3 1/2-1/2

[Event "Francophone-ch rapid 5th"]
[Site "Cannes"]
[Date "2018.07.14"]
[Round "7"]
[White "Bauer, Christian"]
[Black "Apicella, Manuel"]
[Result "1-0"]
[WhiteElo "2644"]
[BlackElo "2501"]
[PlyCount "33"]
[EventDate "2018.07.14"]
[EventType "swiss (rapid)"]
[EventRounds "13"]
[EventCountry "FRA"]
[SourceTitle "CBM 185 Extra"]
[Source "ChessBase"]
[SourceDate "2018.07.29"]
[SourceVersion "1"]
[SourceVersionDate "2018.07.29"]
[SourceQuality "1"]

1. d4 d5 2. Bf4 Nf6 3. Nc3 g6 4. e3 Bg7 5. h4 a6 6. h5 Nxh5 7. Rxh5 gxh5 8. Qxh5 Be6 9. Nf3 h6 10. 0-0-0 Nd7 11. Nxd5 Bxd5 12. Qxd5 c6 13. Qf5 Nf6 14. Bc4 e6 15. Qh3 b5 16. Bxe6 Nd5 17. Be5 1-0

[Event "Francophone-ch rapid 5th"]
[Site "Cannes"]
[Date "2018.07.14"]
[Round "4"]
[White "Gertosio, Franck"]
[Black "Apicella, Manuel"]
[Result "1/2-1/2"]
[WhiteElo "2198"]
[BlackElo "2501"]
[PlyCount "57"]
[EventDate "2018.07.14"]
[EventType "swiss (rapid)"]
[EventRounds "13"]
[EventCountry "FRA"]
[SourceTitle "CBM 185 Extra"]
[Source "ChessBase"]
[SourceDate "2018.07.29"]
[SourceVersion "1"]
[SourceVersionDate "2018.07.29"]
[SourceQuality "1"]

1. Nc3 d5 2. e4 e6 3. d4 Bb4 4. e5 Ne7 5. Bd2 b6 6. Nce2 Bxd2+ 7. Qxd2 Ba6 8. Nf3 c5 9. c3 Nbc6 10. a3 Na5 11. Qc2 Qc7 12. b4 Bxe2 13. Bxe2 cxb4 14. axb4 Nc4 15. 0-0 0-0 16. Bd3 h6 17. Qe2 b5 18. Bxc4 Qxc4 19. Qxc4 bxc4 20. Ra6 Nc8 21. Rfa1 Rb8 22. Kf1 Re8 23. Ke2 Kf8 24. Nd2 Ke7 25. R1a5 Rb6 26. Nb1 Rxa6 27. Rxa6 Kd7 28. Na3 Kc7 29. Nb5+ 1/2-1/2

[Event "Francophone-ch blitz 5th"]
[Site "Cannes"]
[Date "2018.07.13"]
[Round "10"]
[White "Apicella, Manuel"]
[Black "Bauer, Christian"]
[Result "0-1"]
[WhiteElo "2501"]
[BlackElo "2644"]
[PlyCount "144"]
[EventDate "2018.07.13"]
[EventType "swiss (blitz)"]
[EventRounds "11"]
[EventCountry "FRA"]
[SourceTitle "CBM 185 Extra"]
[Source "ChessBase"]
[SourceDate "2018.07.29"]
[SourceVersion "1"]
[SourceVersionDate "2018.07.29"]
[SourceQuality "1"]

1. d4 Nf6 2. Nf3 c5 3. c3 b6 4. Bf4 Bb7 5. e3 g6 6. Nbd2 Bg7 7. h3 0-0 8. Be2 Nc6 9. 0-0 a6 10. a4 cxd4 11. exd4 Nd5 12. Bg3 Bh6 13. Re1 d6 14. Bf1 Rb8 15. c4 Nf4 16. d5 Nb4 17. Nb3 Nh5 18. Bh2 Bg7 19. Nbd4 Qd7 20. Qd2 a5 21. Nb5 Rbd8 22. Nfd4 Rfe8 23. Be2 Nf6 24. Bf3 Rc8 25. b3 Na6 26. Re2 Nc5 27. Rae1 h5 28. Qd1 g5 29. Nc6 e5 30. dxe6 fxe6 31. Ncd4 e5 32. Bxb7 Nxb7 33. Nc2 g4 34. h4 Bh6 35. Ne3 Bxe3 36. Rxe3 Rcd8 37. Qc2 Kg7 38. Bg3 Qf7 39. Rd1 Qg6 40. Qxg6+ Kxg6 41. Red3 Ne4 42. Kh2 Kf5 43. f3 gxf3 44. gxf3 Nxg3 45. Kxg3 Rg8+ 46. Kf2 Ke6 47. Nc7+ Kf7 48. Nd5 Nc5 49. Re3 Rb8 50. f4 exf4 51. Nxf4 Rg4 52. Nxh5 Rh8 53. Rd5 Rxh4 54. Rf3+ Ke6 55. Nf4+ Kd7 56. Ng6 Rh2+ 57. Kg3 R8h3+ 58. Kg4 Rxf3 59. Kxf3 Rb2 60. Ne5+ Ke6 61. Nc6 Rxb3+ 62. Kf4 Ra3 63. Nd4+ Kd7 64. Nb5 Rxa4 65. Nxd6 Kc6 66. Ke5 Nd7+ 67. Ke6 Nc5+ 68. Ke5 Ra1 69. Nb5 Re1+ 70. Kd4 Rd1+ 71. Ke5 Rxd5+ 72. cxd5+ Kxb5 0-1

[Event "Francophone-ch blitz 5th"]
[Site "Cannes"]
[Date "2018.07.13"]
[Round "11"]
[White "Brih, Said"]
[Black "Apicella, Manuel"]
[Result "0-1"]
[WhiteElo "2293"]
[BlackElo "2501"]
[PlyCount "81"]
[EventDate "2018.07.13"]
[EventType "swiss (blitz)"]
[EventRounds "11"]
[EventCountry "FRA"]
[SourceTitle "CBM 185 Extra"]
[Source "ChessBase"]
[SourceDate "2018.07.29"]
[SourceVersion "1"]
[SourceVersionDate "2018.07.29"]
[SourceQuality "1"]

1. d4 Nf6 2. Nf3 g6 3. Nc3 d5 4. Bf4 Bg7 5. e3 0-0 6. Be2 c5 7. Ne5 Nc6 8. h4 cxd4 9. exd4 Qb6 10. Nxc6 bxc6 11. Rb1 c5 12. dxc5 Qxc5 13. Be3 Qd6 14. Nb5 Qd7 15. c4 a6 16. Nc3 Bb7 17. 0-0 dxc4 18. Qxd7 Nxd7 19. Bxc4 Ne5 20. Bd5 Bxd5 21. Nxd5 e6 22. Nb6 Rad8 23. Rfd1 Nd3 24. Rd2 e5 25. f3 f5 26. Bg5 Rd6 27. Be7 Rfd8 28. Bxd8 Rxd8 29. Rbd1 e4 30. fxe4 fxe4 31. Nc4 Bd4+ 32. Kh2 Bc5 33. g3 Rf8 34. Rxd3 exd3 35. Rxd3 Rf2+ 36. Kh3 h5 37. a3 Re2 38. b4 Bg1 39. g4 hxg4+ 40. Kg3 Bf2+ 41. Kxg4 0-1

[Event "Francophone-ch blitz 5th"]
[Site "Cannes"]
[Date "2018.07.13"]
[Round "8"]
[White "Lagarde, Maxime"]
[Black "Apicella, Manuel"]
[Result "0-1"]
[WhiteElo "2615"]
[BlackElo "2501"]
[PlyCount "82"]
[EventDate "2018.07.13"]
[EventType "swiss (blitz)"]
[EventRounds "11"]
[EventCountry "FRA"]
[SourceTitle "CBM 185 Extra"]
[Source "ChessBase"]
[SourceDate "2018.07.29"]
[SourceVersion "1"]
[SourceVersionDate "2018.07.29"]
[SourceQuality "1"]

1. e4 e6 2. d4 d5 3. exd5 exd5 4. Bd3 Bd6 5. Nf3 Nc6 6. 0-0 Nge7 7. c3 Bf5 8. Bxf5 Nxf5 9. Qd3 Nfe7 10. Re1 0-0 11. Ng5 Ng6 12. Be3 Qf6 13. Nd2 h6 14. Ngf3 Rae8 15. Qb5 Nce7 16. c4 dxc4 17. Nxc4 b6 18. Nfe5 Rd8 19. g3 c6 20. Nxc6 Nxc6 21. Qxc6 Nh4 22. f4 Nf5 23. Bf2 Nxd4 24. Qe4 Bc5 25. Rad1 Ne6 26. Ne5 Bxf2+ 27. Kxf2 Nc5 28. Qc4 Qf5 29. Kg1 h5 30. b4 Ne6 31. Rxd8 Rxd8 32. Qe4 Qxe4 33. Rxe4 Rd2 34. f5 Ng5 35. Re3 Nh3+ 36. Kh1 Rxa2 37. Nd7 f6 38. Nb8 a5 39. Nc6 a4 40. Ne7+ Kh7 41. Nd5 b5 0-1

[Event "FRA-chT Top 12"]
[Site "Brest"]
[Date "2018.06.02"]
[Round "8"]
[White "Vitoux, Colomban"]
[Black "Apicella, Manuel"]
[Result "1/2-1/2"]
[WhiteElo "2384"]
[BlackElo "2513"]
[PlyCount "27"]
[EventDate "2018.05.26"]
[EventType "team-tourn"]
[EventRounds "11"]
[EventCountry "FRA"]
[SourceTitle "EXT 2019"]
[Source "ChessBase"]
[SourceDate "2018.10.10"]
[SourceVersion "1"]
[SourceVersionDate "2018.10.10"]
[SourceQuality "1"]
[WhiteTeam "Metz Fischer"]
[BlackTeam "Grasse Echecs"]
[WhiteTeamCountry "FRA"]
[BlackTeamCountry "FRA"]

1. e4 e6 2. d4 d5 3. Nc3 Bb4 4. Nge2 dxe4 5. a3 Be7 6. Nxe4 Nf6 7. Qd3 Nxe4 8. Qxe4 Nc6 9. Bf4 0-0 10. 0-0-0 Bf6 11. Ng3 Qd5 12. Qxd5 exd5 13. c3 Bd8 14. Bd3 1/2-1/2

[Event "FRA-chT Top 12"]
[Site "Chartres"]
[Date "2017.05.28"]
[Round "11.6"]
[White "Travadon, Loic"]
[Black "Apicella, Manuel"]
[Result "1/2-1/2"]
[WhiteElo "2358"]
[BlackElo "2515"]
[PlyCount "52"]
[EventDate "2017.05.18"]
[EventType "team-tourn"]
[EventRounds "11"]
[EventCountry "FRA"]
[SourceTitle "CBM 178 Extra"]
[Source "ChessBase"]
[SourceDate "2017.06.22"]
[SourceVersion "1"]
[SourceVersionDate "2017.06.22"]
[SourceQuality "1"]
[WhiteTeam "Bois Colombes"]
[BlackTeam "Grasse Echecs"]
[WhiteTeamCountry "FRA"]
[BlackTeamCountry "FRA"]

1. e4 e6 2. d4 d5 3. exd5 exd5 4. Bf4 Bd6 5. Bxd6 Qxd6 6. c3 Bf5 7. Bd3 Ne7 8. Bxf5 Nxf5 9. Nf3 0-0 10. 0-0 Nd7 11. Nbd2 Rae8 12. Qc2 g6 13. Rfe1 c6 14. Rxe8 Rxe8 15. Re1 Rxe1+ 16. Nxe1 Qe7 17. Nef3 Qe2 18. Qc1 f6 19. Qe1 Qxe1+ 20. Nxe1 Kf7 21. Nd3 g5 22. Kf1 Ke6 23. Ke2 b6 24. b3 h5 25. g3 a5 26. Nf1 c5 1/2-1/2

[Event "FRA-chT Top 12"]
[Site "Chartres"]
[Date "2017.05.23"]
[Round "6.6"]
[White "Apicella, Manuel"]
[Black "Sokolov, Andrei"]
[Result "1/2-1/2"]
[WhiteElo "2515"]
[BlackElo "2505"]
[PlyCount "24"]
[EventDate "2017.05.18"]
[EventType "team-tourn"]
[EventRounds "11"]
[EventCountry "FRA"]
[SourceTitle "CBM 178 Extra"]
[Source "ChessBase"]
[SourceDate "2017.06.22"]
[SourceVersion "1"]
[SourceVersionDate "2017.06.22"]
[SourceQuality "1"]
[WhiteTeam "Grasse Echecs"]
[BlackTeam "Mulhouse Philidor"]
[WhiteTeamCountry "FRA"]
[BlackTeamCountry "FRA"]

1. e4 c5 2. Nf3 e6 3. d4 cxd4 4. Nxd4 Nc6 5. Nc3 Qc7 6. Be3 a6 7. Qd2 Nf6 8. 0-0-0 Be7 9. f3 b5 10. Kb1 0-0 11. g4 Nxd4 12. Bxd4 Bb7 1/2-1/2

[Event "FRA-chT Top 12"]
[Site "Chartres"]
[Date "2017.05.21"]
[Round "4.7"]
[White "Apicella, Manuel"]
[Black "Grollemund, Bertrand"]
[Result "1-0"]
[WhiteElo "2515"]
[BlackElo "2182"]
[PlyCount "71"]
[EventDate "2017.05.18"]
[EventType "team-tourn"]
[EventRounds "11"]
[EventCountry "FRA"]
[SourceTitle "CBM 178 Extra"]
[Source "ChessBase"]
[SourceDate "2017.06.22"]
[SourceVersion "1"]
[SourceVersionDate "2017.06.22"]
[SourceQuality "1"]
[WhiteTeam "Grasse Echecs"]
[BlackTeam "Montpellier"]
[WhiteTeamCountry "FRA"]
[BlackTeamCountry "FRA"]

1. e4 g6 2. d4 Bg7 3. Nc3 d6 4. Be3 a6 5. Qd2 Nd7 6. h4 h5 7. Nh3 b5 8. Ng5 c6 9. Bd3 Qc7 10. Ne2 Ngf6 11. f3 e5 12. c3 Bb7 13. 0-0 0-0 14. Rad1 c5 15. d5 c4 16. Bc2 Nh7 17. Kh1 Nc5 18. Rg1 Bc8 19. Rdf1 Nf6 20. Ng3 Rb8 21. f4 exf4 22. Bxf4 Ng4 23. Ne2 a5 24. a3 Qb6 25. Nd4 b4 26. Nc6 bxc3 27. bxc3 Rb7 28. Bxd6 Re8 29. Nxf7 Nxe4 30. Bxe4 Rxe4 31. Ng5 Re3 32. Rf3 Bxc3 33. Qc2 Bf5 34. Rxf5 gxf5 35. Qxf5 Re1 36. Qf8# 1-0

[Event "FRA-chT Top 12"]
[Site "Chartres"]
[Date "2017.05.18"]
[Round "1.6"]
[White "Apicella, Manuel"]
[Black "Delorme, Axel"]
[Result "1/2-1/2"]
[WhiteElo "2515"]
[BlackElo "2514"]
[PlyCount "70"]
[EventDate "2017.05.18"]
[EventType "team-tourn"]
[EventRounds "11"]
[EventCountry "FRA"]
[SourceTitle "CBM 178 Extra"]
[Source "ChessBase"]
[SourceDate "2017.06.22"]
[SourceVersion "1"]
[SourceVersionDate "2017.06.22"]
[SourceQuality "1"]
[WhiteTeam "Grasse Echecs"]
[BlackTeam "Clichy Echecs 92"]
[WhiteTeamCountry "FRA"]
[BlackTeamCountry "FRA"]

1. e4 e5 2. Nf3 Nc6 3. Bb5 a6 4. Ba4 Nf6 5. 0-0 Be7 6. Re1 b5 7. Bb3 d6 8. c3 0-0 9. h3 Na5 10. Bc2 c5 11. d4 Qc7 12. d5 Bd7 13. b3 Rfb8 14. Nbd2 c4 15. b4 Nb7 16. a3 a5 17. Rb1 Ne8 18. Nf1 Nd8 19. g4 g6 20. Ng3 Ng7 21. Kh2 f6 22. Rg1 Nf7 23. Be3 axb4 24. axb4 Qb7 25. Qd2 Ra2 26. Ra1 Rba8 27. Rxa2 Rxa2 28. Qc1 Bd8 29. Bb1 Ra1 30. Qb2 Ra6 31. Nf1 Kh8 32. Qd2 Ra1 33. Qb2 Ra6 34. Qd2 Ra1 35. Qb2 Ra6 1/2-1/2

[Event "FRA-chT Top 12"]
[Site "Montpellier"]
[Date "2015.06.05"]
[Round "7.4"]
[White "Apicella, Manuel"]
[Black "Picard, Romain"]
[Result "1-0"]
[WhiteElo "2510"]
[BlackElo "2368"]
[PlyCount "85"]
[EventDate "2015.05.30"]
[EventType "team-tourn"]
[EventRounds "11"]
[EventCountry "FRA"]
[SourceTitle "CBM 166 Extra"]
[Source "ChessBase"]
[SourceDate "2015.06.18"]
[SourceVersion "1"]
[SourceVersionDate "2015.06.18"]
[SourceQuality "1"]
[WhiteTeam "Grasse Echecs"]
[BlackTeam "Poitiers Migne"]
[WhiteTeamCountry "FRA"]
[BlackTeamCountry "FRA"]

1. e4 e5 2. Nf3 d6 3. Bc4 Nf6 4. d3 c6 5. 0-0 Be7 6. Nbd2 Bg4 7. h3 Bh5 8. Re1 Nbd7 9. c3 0-0 10. Bb3 Nc5 11. Bc2 Ne6 12. Nf1 Nd7 13. Ng3 Bxf3 14. Qxf3 g6 15. Bh6 Re8 16. Rad1 Bg5 17. Bxg5 Qxg5 18. d4 Nf4 19. Qg4 Qxg4 20. hxg4 Rad8 21. Nf1 Nb6 22. Ne3 f6 23. g3 Ne6 24. dxe5 dxe5 25. Bb3 Kf8 26. Rxd8 Nxd8 27. Rd1 Ke7 28. Kg2 Ne6 29. Bxe6 Kxe6 30. f4 Kf7 31. Kf3 h6 32. b3 Ke7 33. Ng2 Nd7 34. Rh1 Rh8 35. Nh4 Nf8 36. Rd1 Rg8 37. Ke3 Rg7 38. c4 Rh7 39. c5 h5 40. f5 g5 41. Ng6+ Nxg6 42. fxg6 Rh6 43. gxh5 1-0

[Event "FRA-chT Top 12"]
[Site "Montpellier"]
[Date "2015.06.01"]
[Round "3.7"]
[White "Marcelin, Cyril"]
[Black "Apicella, Manuel"]
[Result "1/2-1/2"]
[WhiteElo "2476"]
[BlackElo "2510"]
[PlyCount "73"]
[EventDate "2015.05.30"]
[EventType "team-tourn"]
[EventRounds "11"]
[EventCountry "FRA"]
[SourceTitle "CBM 166 Extra"]
[Source "ChessBase"]
[SourceDate "2015.06.18"]
[SourceVersion "1"]
[SourceVersionDate "2015.06.18"]
[SourceQuality "1"]
[WhiteTeam "Bischwiller"]
[BlackTeam "Grasse Echecs"]
[WhiteTeamCountry "FRA"]
[BlackTeamCountry "FRA"]

1. Nf3 Nf6 2. g3 g6 3. b3 Bg7 4. Bb2 0-0 5. Bg2 d6 6. d4 e5 7. dxe5 Ng4 8. h3 Nxe5 9. Nxe5 dxe5 10. Qxd8 Rxd8 11. Nd2 Nd7 12. 0-0-0 Re8 13. a4 Nc5 14. e3 a5 15. Nc4 e4 16. Bd4 Ne6 17. Bxg7 Nxg7 18. Na3 f5 19. Nb5 Ne6 20. Bf1 Kg7 21. Bc4 Re7 22. Rd2 c6 23. Nd6 Ng5 24. Be2 Be6 25. h4 Nf7 26. Nxf7 Kxf7 27. Rhd1 Ree8 28. Kb2 Rac8 29. Kc3 b5 30. axb5 cxb5+ 31. Kb2 Rc5 32. Rd6 Rec8 33. R1d2 Ke7 34. Ra6 b4 35. Ra7+ R8c7 36. Rxc7+ Rxc7 37. Rd1 1/2-1/2

[Event "FRA-ch Accession"]
[Site "Nimes"]
[Date "2014.08.24"]
[Round "7"]
[White "Barbot, Pierre"]
[Black "Apicella, Manuel"]
[Result "1/2-1/2"]
[WhiteElo "2409"]
[BlackElo "2520"]
[PlyCount "140"]
[EventDate "2014.08.17"]
[EventType "swiss"]
[EventRounds "11"]
[EventCountry "FRA"]
[SourceTitle "CBM 162 Extra"]
[Source "ChessBase"]
[SourceDate "2014.10.17"]
[SourceVersion "1"]
[SourceVersionDate "2014.10.17"]
[SourceQuality "1"]

1. e4 e6 2. d4 d5 3. Nc3 Bb4 4. e5 Ne7 5. a3 Bxc3+ 6. bxc3 c5 7. Qg4 0-0 8. Bd3 f5 9. exf6 Rxf6 10. Bg5 Rf7 11. Qh5 g6 12. Qd1 Nbc6 13. Nf3 Qf8 14. h4 c4 15. Be2 h6 16. Bd2 Bd7 17. Qc1 Kh7 18. a4 Ng8 19. Be3 Qd6 20. g3 Raf8 21. Bf4 Rxf4 22. gxf4 Rxf4 23. Qa3 Qxa3 24. Rxa3 Nf6 25. Nd2 Ne7 26. h5 g5 27. Nf1 Nf5 28. Ng3 Nd6 29. f3 Rh4 30. Kd2 Rxh1 31. Nxh1 Nxh5 32. Nf2 Nf4 33. Ng4 Kg7 34. Ne5 Be8 35. Ra1 Nf7 36. Nxf7 Kxf7 37. a5 Kf6 38. Rb1 Bc6 39. Ke3 h5 40. Rh1 b6 41. axb6 axb6 42. Ra1 h4 43. Bf1 Be8 44. Kf2 Bg6 45. Ra2 Bf5 46. Rb2 b5 47. Be2 h3 48. Bf1 Bd3 49. Rb1 Bxc2 50. Rxb5 Bd3 51. Bxd3 cxd3 52. Ke3 Ng2+ 53. Kf2 d2 54. Rb1 Ne1 55. Kg3 Nc2 56. Kf2 Kf5 57. Rh1 Ne1 58. Ke2 h2 59. Rxh2 Nxf3 60. Rh8 g4 61. Rf8+ Kg5 62. Rg8+ Kf4 63. Rf8+ Kg3 64. Rf6 d1Q+ 65. Kxd1 Kf2 66. Rxe6 g3 67. Re2+ Kf1 68. Re3 Kf2 69. Re2+ Kf1 70. Re3 Kf2 1/2-1/2

[Event "FRA-ch Accession"]
[Site "Nimes"]
[Date "2014.08.21"]
[Round "5"]
[White "Apicella, Manuel"]
[Black "Favarel, Antoine"]
[Result "1-0"]
[WhiteElo "2520"]
[BlackElo "2362"]
[PlyCount "63"]
[EventDate "2014.08.17"]
[EventType "swiss"]
[EventRounds "11"]
[EventCountry "FRA"]
[SourceTitle "CBM 162 Extra"]
[Source "ChessBase"]
[SourceDate "2014.10.17"]
[SourceVersion "1"]
[SourceVersionDate "2014.10.17"]
[SourceQuality "1"]

1. d4 Nf6 2. Nf3 d5 3. Bf4 c5 4. e3 Nc6 5. c3 Qb6 6. Qb3 c4 7. Qc2 Bf5 8. Qc1 e6 9. h3 Qd8 10. Nbd2 h6 11. Be2 b5 12. 0-0 Bd6 13. Bxd6 Qxd6 14. a4 bxa4 15. Rxa4 Rb8 16. Qa1 0-0 17. Ra6 Qc7 18. Qa3 Rb6 19. b4 cxb3 20. Nxb3 Rfb8 21. Rxb6 Qxb6 22. Nc5 Ne4 23. Nd7 Qb2 24. Qa6 Nxc3 25. Qxc6 Nxe2+ 26. Kh1 Rd8 27. Qc7 Re8 28. Nfe5 Bg6 29. Qc6 Kh8 30. Nxg6+ fxg6 31. Ne5 Qb8 32. Qc2 1-0

[Event "FRA-ch Accession"]
[Site "Nimes"]
[Date "2014.08.18"]
[Round "2"]
[White "Apicella, Manuel"]
[Black "Bellahcene, Bilel"]
[Result "0-1"]
[WhiteElo "2520"]
[BlackElo "2357"]
[PlyCount "84"]
[EventDate "2014.08.17"]
[EventType "swiss"]
[EventRounds "11"]
[EventCountry "FRA"]
[SourceTitle "CBM 162 Extra"]
[Source "ChessBase"]
[SourceDate "2014.10.17"]
[SourceVersion "1"]
[SourceVersionDate "2014.10.17"]
[SourceQuality "1"]

1. e4 c5 2. Nf3 d6 3. d4 cxd4 4. Nxd4 Nf6 5. Nc3 a6 6. Be3 e5 7. Nf3 Qc7 8. a4 Be7 9. Be2 0-0 10. 0-0 b6 11. Bg5 Nbd7 12. Nh4 g6 13. Bd3 Bb7 14. Qf3 Qd8 15. h3 Ne8 16. Bxe7 Qxe7 17. Qg3 Ng7 18. Bc4 Rac8 19. Bd5 Rxc3 20. bxc3 Bxd5 21. exd5 Nh5 22. Nf5 Qf6 23. Nh6+ Kg7 24. Qe3 Nf4 25. g3 Kxh6 26. Kh2 Kg7 27. gxf4 exf4 28. Qd4 Ne5 29. f3 Rc8 30. Ra3 Qg5 31. Qf2 Rc5 32. Rd1 Qh5 33. c4 Rxc4 34. Rd4 Rxd4 35. Qxd4 Qh4 36. Qg1 h5 37. Rb3 g5 38. Kg2 Qg3+ 39. Kf1 Qxh3+ 40. Ke2 g4 41. fxg4 f3+ 42. Kd2 hxg4 0-1